Famous historical figures - Statistics

General Stats
  • This quiz has been taken 101 times
  • The average score is 5 of 15
Answer Stats
Hint Answer % Correct
French conquerer and emperor defeated at Waterloo Napoleon
94%
Ancient greek who is credited as the founder of western philosophy Socrates
63%
Mongolian conqueror, founder of the second largest empire in human history Gengiz Khan
62%
“Veni, Vidi, Vici” Julius Caesar
59%
Italian merchant who travelled with his father and uncle to Kublai Khan Marco Polo
54%
Frank king in the 9th century, crowned himself emperor of the Holy Roman Empire Charle Magne
42%
The first european to land on the American continent (in modern day canada and greenland) Leif Erikson
35%
Last Chinese imperial dynasty, ended in 1912 Qing
34%
Chinese wirter, military general and strategist in the 18th century Sun Tzu
24%
Esteemed Swiss mathematician from the 18th century Leonhard Euler
22%
Founder of the Ottoman empire Osman
18%
Carthage’s top general, ravished the Roman Empire Hannibal Barca
14%
A buddhist Indian emperor, 3rd of the Mauryan dynasty, known for his revolutionary ideas Ashoka Chandragupta
7%
Roman historian famous for documenting the Vesuvius eruption in 79AD Pliny the Younger
5%
Muslim commander who fought in the third crusade, Sultan of Egypt Salah Ad Din
5%
No matching quizzes found
Score Distribution
Percent of People with Each Score
Percentile by Number Answered
Your Score History
You have not taken this quiz